History Quiz

Random History or Word Play Quiz

Symbol Cryptogram: US Presidents III Quiz Stats

 Plays Quiz Updated Oct 18, 2019

Score 0/10 Timer 10:00
11 Plays Today
Cryptogram US Presidents % Correct
◒ ◐ ☲ ☲ ★ ✚ ◥ ▶???
100%
☲ ◐ ◢ ◑ ✚ ☲ ◢???
87.3%
▶ ◐ ◁ ▶ ◢ ☰ ✚ ☾ ▶ ◥???
86.4%
◥ ✚ ✚ ◁ ▶ ✖ ▶ ☲ ◼???
86.3%
◢ ◐ ☆ ✚ ◢???
86.2%
☰ ✚ ✚ ✖ ▶ ◥???
85.8%
★ ✚ ◢ ◥ ✚ ▶???
84.1%
◼ ◤ ◒ ◼???
81%
◑ ◤ ◥ ◼ ▶ ◥???
77.7%
◼ ◥ ◓ ★ ◤ ◢???
75.1%

You're not logged in!

Compare scores with friends on all Sporcle quizzes.
OR
Log In

Sporcle TV

Today on Sporcle TV


Watch our educational content, quiz creation guides, and fun videos on Sporcle TV.

Show Comments

Extras

Top Quizzes Today


Score Distribution

Your Account Isn't Verified!

In order to create a playlist on Sporcle, you need to verify the email address you used during registration. Go to your Sporcle Settings to finish the process.

Report this User

Report this user for behavior that violates our Community Guidelines.

Details: